| Поле | Инд. | ПП | Название | Значение |
|---|---|---|---|---|
| Тип записи | a | |||
| Библиографический уровень | b | |||
| 001 | Контрольный номер | RU/IS/BASE/443535378 | ||
| 005 | Дата корректировки | 20220131132841.4 | ||
| 008 | Кодируемые данные | 20140120 | ||
| 040 | b | Код языка каталог. | rus | |
| e | Правила каталог. | PSBO | ||
| 041 | 0_ | a | Код языка текста | rus |
| 084 | a | Индекс другой классификации/Индекс ББК | 60.73(2Рос-4Ниж); 60.526.1(2Рос-4Ниж) | |
| 100 | 1_ | a | Автор | Корчагина И. И. |
| q | Полное имя | Корчагина Ирина Ивановна | ||
| 100 | 1_ | a | Автор | Мигранова Л. А. |
| q | Полное имя | Мигранова Людмила Алексеевна | ||
| 245 | 10 | a | Заглавие | Уровень жизни населения малых городов России |
| 504 | a | Библиография | Лит. в конце статьи | |
| 520 | 0_ | a | Аннотация | Представлен анализ новых эмпирических данных, полученных в ходе выборочного социологического обследования населения малых городов Нижегородской области (октябрь 2011). Уровень жизни в малых городах остается значительно ниже, чем в среднем по области, и это касается всех его основных характеристик, за исключением обеспеченности жилой площадью. Однако жилье отличается низким уровнем комфортности, что объясняется наличием высокой доли индивидуальных домов старой застройки. Численность горожан, неудовлетворенных доступностью к качественным социальным услугам, составляет 10 - 20%. Около половины домохозяйств имеют земельный участок за городом, который в большинстве своем служит для производства продуктов питания. Основными факторами относительно низкого уровня жизни является специфика экономики городов и рынка труда. |
| 650 | 04 | a | Основная рубрика | демография |
| a | Основная рубрика | народонаселение | ||
| a | Основная рубрика | социология | ||
| 653 | 1_ | a | Ключевые слова | бедность |
| a | Ключевые слова | безработица | ||
| a | Ключевые слова | благосостояние | ||
| a | Ключевые слова | денежные доходы | ||
| a | Ключевые слова | домашние хозяйства (домохозяйства) | ||
| a | Ключевые слова | доходы домохозяйств | ||
| a | Ключевые слова | жилищные условия | ||
| a | Ключевые слова | занятость населения | ||
| a | Ключевые слова | качество жизни | ||
| a | Ключевые слова | качество услуг | ||
| a | Ключевые слова | личное подсобное хозяйство | ||
| a | Ключевые слова | малые города | ||
| a | Ключевые слова | население | ||
| a | Ключевые слова | Нижегородская область | ||
| a | Ключевые слова | обеспеченность жильем | ||
| a | Ключевые слова | регионы России | ||
| a | Ключевые слова | Россия | ||
| a | Ключевые слова | социальная политика | ||
| a | Ключевые слова | социальные услуги | ||
| a | Ключевые слова | уровень жизни | ||
| a | Ключевые слова | человеческий капитал | ||
| a | Ключевые слова | экономика | ||
| 773 | 0_ | t | Заглавие источника | Народонаселение |
| d | Дата издания источника | 2012 | ||
| g | Прочая информация | № 2. - С. 66 - 74 : 4 табл. | ||
| w | Контрольный № источника | RU/IS/BASE/401474689 | ||
| 901 | t | Тип документа | b |